[Event "Open 2005 des PSV Rostock"]
[Site "Rostock"]
[Date "2005.08.25"]
[Round "2.3"]
[White "Hetey, Laszlo"]
[Black "Scholz, Alexander"]
[Result "1-0"]
[WhiteElo "2322"]
[BlackElo "2115"]
[PlyCount "53"]
[EventDate "2005.08.25"]
[EventType "swiss"]
[EventRounds "7"]
[EventCountry "GER"]
[Source "Th. Schwetlick"]
[SourceDate "2005.08.25"]

1. d4 d5 2. Nf3 Nf6 3. c4 e6 4. Nc3 c6 5. g3 Nbd7 6. Bg2 b6 7. Bf4 Bb7 8. O-O
dxc4 9. e4 Be7 10. Qe2 b5 11. Rad1 b4 12. Nb1 Qb6 13. Rfe1 a5 14. Qxc4 O-O 15.
Ne5 Rfc8 16. Bh3 Nf8 17. b3 Rd8 18. Bg2 a4 19. Be3 axb3 20. axb3 Ra2 21. Nd2
Rda8 22. Rc1 Rc8 23. Qd3 Ba6 24. Ndc4 Bxc4 25. Qxc4 Ra6 26. d5 c5 27. Nc6 1-0

[Event "Open 2005 des PSV Rostock"]
[Site "Rostock"]
[Date "2005.08.25"]
[Round "2.4"]
[White "Schoenrock, Ruediger"]
[Black "Hoffmann, Hendrik"]
[Result "1/2-1/2"]
[WhiteElo "2126"]
[BlackElo "2284"]
[PlyCount "65"]
[EventDate "2005.08.25"]
[EventType "swiss"]
[EventRounds "7"]
[EventCountry "GER"]
[Source "Th. Schwetlick"]
[SourceDate "2005.08.25"]

1. e4 c5 2. c3 Nf6 3. e5 Nd5 4. d4 cxd4 5. cxd4 d6 6. Nf3 Nc6 7. Nc3 dxe5 8.
dxe5 Ndb4 9. a3 Qxd1+ 10. Kxd1 Na6 11. Bxa6 bxa6 12. Bf4 Bg4 13. Ke2 Nd4+ 14.
Kd3 Nxf3 15. gxf3 Bxf3 16. Rhc1 g6 17. Ne4 Bg7 18. Rc7 Bxe4+ 19. Kxe4 f5+ 20.
Kd5 O-O 21. Rac1 Rab8 22. b4 Rfd8+ 23. Ke6 Bf8 24. Be3 Rd3 25. Bxa7 Rbd8 26.
R1c3 R3d5 27. R3c6 Bg7 28. Rc5 Rxe5+ 29. Rxe5 Rd6+ 30. Kxe7 Bxe5 31. Bc5 Rf6
32. Rc8+ Kg7 33. a4 1/2-1/2

[Event "Open 2005 des PSV Rostock"]
[Site "Rostock"]
[Date "2005.08.25"]
[Round "2.5"]
[White "Steinhagen, Bernd"]
[Black "Schroeder, Christian"]
[Result "1-0"]
[WhiteElo "2258"]
[BlackElo "2069"]
[PlyCount "77"]
[EventDate "2005.08.25"]
[EventType "swiss"]
[EventRounds "7"]
[EventCountry "GER"]
[Source "Th. Schwetlick"]
[SourceDate "2005.08.25"]

1. c4 e5 2. g3 d6 3. Bg2 f5 4. Nc3 c6 5. d3 Be7 6. e4 Nf6 7. Nge2 O-O 8. O-O a5
9. h3 Na6 10. Be3 Qe8 11. Na4 Be6 12. Nb6 Rd8 13. Nc3 Nc5 14. a3 Qg6 15. b4
axb4 16. axb4 Na6 17. b5 Nc5 18. bxc6 bxc6 19. Ra7 Rf7 20. exf5 Bxf5 21. d4
exd4 22. Bxd4 Nce4 23. Re1 d5 24. cxd5 c5 25. Be5 Nxc3 26. Bxc3 Ne4 27. Qb3 c4
28. Qb2 Bc5 29. Rxf7 Kxf7 30. Nxc4 Rxd5 31. Qb7+ Kf8 32. Qxd5 Bxf2+ 33. Kf1
Bxe1 34. Qd8+ Qe8 35. Bxg7+ Kf7 36. Ne5+ Kxg7 37. Qxe8 Bxg3 38. Qe7+ Kh6 39.
Bxe4 1-0

[Event "Open 2005 des PSV Rostock"]
[Site "Rostock"]
[Date "2005.08.25"]
[Round "2.6"]
[White "Schoengart, Ralf"]
[Black "Porsch, Harald"]
[Result "1/2-1/2"]
[WhiteElo "2112"]
[BlackElo "2258"]
[PlyCount "151"]
[EventDate "2005.08.25"]
[EventType "swiss"]
[EventRounds "7"]
[EventCountry "GER"]
[Source "Th. Schwetlick"]
[SourceDate "2005.08.25"]

1. d4 Nf6 2. c4 c5 3. e3 e6 4. Nf3 a6 5. Nc3 Qc7 6. Be2 d6 7. O-O Be7 8. b3 O-O
9. Bb2 b6 10. Qc2 Bb7 11. Rad1 Nbd7 12. h3 Rac8 13. Qb1 Rfe8 14. Nh2 Qb8 15.
Rfe1 d5 16. cxd5 exd5 17. Ng4 c4 18. Ba1 b5 19. b4 Bc6 20. Bf3 a5 21. a3 axb4
22. axb4 Qd6 23. Ne5 Qxb4 24. Nxc6 Rxc6 25. Bxd5 Rb6 26. Qf5 Qd6 27. e4 Nxd5
28. Nxd5 Rb7 29. Rb1 Bf8 30. Bc3 Qg6 31. Qf3 Nb8 32. e5 Qc6 33. Qe4 Kh8 34. Bb4
Na6 35. Bxf8 Rxf8 36. Nf6 Qxe4 37. Nxe4 Nc7 38. Nc5 Ra7 39. d5 Nxd5 40. Rxb5 c3
41. Ne4 Rd8 42. Rc5 Rad7 43. Nd6 Nf4 44. Rxc3 Kg8 45. Rf3 Ng6 46. Nf5 Re8 47.
Rg3 f6 48. e6 Rd5 49. Ne3 Rxe6 50. Ra1 Rd7 51. Rg4 Kf7 52. Ra5 Rc6 53. g3 Ne5
54. Rf4 Ke6 55. Re4 Kd6 56. Rd4+ Ke7 57. Nf5+ Ke6 58. Rxd7 Kxd7 59. Nxg7 Rb6
60. Kg2 Ke7 61. Nf5+ Ke6 62. Ne3 Kf7 63. h4 Rc6 64. Ra7+ Kg6 65. h5+ Kxh5 66.
Rxh7+ Kg6 67. Re7 Ra6 68. Kh3 Nd3 69. Ng4 Kf5 70. Re3 Ne5 71. Nxe5 fxe5 72. f3
Ra2 73. Rb3 Rf2 74. Re3 Rf1 75. Kg2 Ra1 76. Re4 1/2-1/2

[Event "Open 2005 des PSV Rostock"]
[Site "Rostock"]
[Date "2005.08.25"]
[Round "2.7"]
[White "Gottschalk, Jens"]
[Black "Giese, Guido"]
[Result "1/2-1/2"]
[WhiteElo "2219"]
[BlackElo "2037"]
[PlyCount "70"]
[EventDate "2005.08.25"]
[EventType "swiss"]
[EventRounds "7"]
[EventCountry "GER"]
[Source "Th. Schwetlick"]
[SourceDate "2005.08.25"]

1. d4 g6 2. c4 Bg7 3. Nc3 d6 4. e4 Nc6 5. Be3 e5 6. d5 Nce7 7. c5 f5 8. cxd6
cxd6 9. Bb5+ Kf7 10. f4 fxe4 11. fxe5 Bxe5 12. Bd4 Nf5 13. Bxe5 dxe5 14. Qe2
Nd4 15. Qf2+ Qf6 16. Qxf6+ Nxf6 17. O-O-O Kg7 18. Nge2 Nxe2+ 19. Bxe2 Bd7 20.
Rhe1 Rac8 21. Kb1 Rhd8 22. h3 h5 23. Bf1 Bf5 24. Re3 Rc5 25. Be2 h4 26. b4 Rcc8
27. Kb2 a6 28. a4 Rd6 29. Kb3 Kh6 30. a5 Rcd8 31. Bc4 b5 32. axb6 Rxb6 33. Na4
Rbd6 34. Nc3 Rb6 35. Na4 Rbd6 1/2-1/2

[Event "Open 2005 des PSV Rostock"]
[Site "Rostock"]
[Date "2005.08.25"]
[Round "2.8"]
[White "Ruesch, Hans Joachim"]
[Black "Hammel, Ralf"]
[Result "1-0"]
[WhiteElo "2055"]
[BlackElo "2188"]
[PlyCount "73"]
[EventDate "2005.08.25"]
[EventType "swiss"]
[EventRounds "7"]
[EventCountry "GER"]
[Source "Th. Schwetlick"]
[SourceDate "2005.08.25"]

1. d4 Nf6 2. Nf3 b6 3. c4 e6 4. g3 Bb7 5. Bg2 Be7 6. O-O O-O 7. d5 exd5 8. Nh4
c5 9. cxd5 d6 10. Nf5 b5 11. e4 Qd7 12. Re1 Re8 13. Nxe7+ Qxe7 14. Bd2 Na6 15.
Ba5 b4 16. Nd2 Rab8 17. Nc4 Nd7 18. f4 f6 19. Qd2 Bc8 20. Rad1 Nb6 21. Bxb6
axb6 22. e5 Bg4 23. Nxd6 Bxd1 24. Nxe8 Ba4 25. exf6 Qxe1+ 26. Qxe1 Rxe8 27. Qf1
Nb8 28. fxg7 Kxg7 29. Bh3 Bd7 30. f5 Kf6 31. Qf4 b5 32. g4 c4 33. g5+ Kf7 34.
g6+ Kf6 35. gxh7 c3 36. bxc3 bxc3 37. Qd4+ 1-0

[Event "Open 2005 des PSV Rostock"]
[Site "Rostock"]
[Date "2005.08.25"]
[Round "2.9"]
[White "Lorenz, Joerg"]
[Black "Bahr, Enrico"]
[Result "1/2-1/2"]
[WhiteElo "2170"]
[BlackElo "2004"]
[PlyCount "97"]
[EventDate "2005.08.25"]
[EventType "swiss"]
[EventRounds "7"]
[EventCountry "GER"]
[Source "Th. Schwetlick"]
[SourceDate "2005.08.25"]

1. e4 d5 2. exd5 Qxd5 3. Nc3 Qa5 4. d4 Nf6 5. Bd3 c6 6. Bd2 Qc7 7. Nge2 e6 8.
Ng3 Nbd7 9. Qe2 Be7 10. O-O-O b5 11. Rhe1 O-O 12. Qf3 b4 13. Nce4 Qa5 14. Nxf6+
Nxf6 15. Kb1 Qb6 16. Bg5 Ba6 17. Bxa6 Qxa6 18. Nf5 exf5 19. Rxe7 Nd5 20. Ree1
Qb5 21. Ka1 Qa4 22. Qxf5 Rfb8 23. Qd3 Rb5 24. Bd2 Nc3 25. bxc3 Ra5 26. Qc4 Qxc2
27. Rb1 Qxd2 28. cxb4 Rd5 29. Rbd1 Qxf2 30. Qxc6 Rdd8 31. Rf1 Qh4 32. Qc4 Qh5
33. Rc1 h6 34. Rc2 Rd7 35. h3 Rad8 36. Rd2 Qh4 37. Rfd1 Qe7 38. a3 Qe3 39. Ka2
Qg3 40. Qb3 Qf4 41. d5 Qe5 42. Qc4 Rc7 43. Qd3 Kf8 44. Re2 Qg5 45. Qh7 f5 46.
h4 Qg4 47. Red2 Qc4+ 48. Kb2 Qc3+ 49. Ka2 1/2-1/2

[Event "Open 2005 des PSV Rostock"]
[Site "Rostock"]
[Date "2005.08.25"]
[Round "2.10"]
[White "Illgen, Alexander"]
[Black "Kliewe, Hans Juergen"]
[Result "0-1"]
[WhiteElo "1925"]
[BlackElo "2166"]
[PlyCount "56"]
[EventDate "2005.08.25"]
[EventType "swiss"]
[EventRounds "7"]
[EventCountry "GER"]
[Source "Th. Schwetlick"]
[SourceDate "2005.08.25"]

1. d4 d5 2. c4 c6 3. Nc3 Nf6 4. Nf3 Nbd7 5. e3 e6 6. Bd2 Bd6 7. a3 a5 8. Bd3
O-O 9. O-O e5 10. cxd5 cxd5 11. dxe5 Nxe5 12. Be2 Bd7 13. Nb5 Nxf3+ 14. gxf3
Bh3 15. Re1 Ne4 16. f4 Qf6 17. Bh5 Qh4 18. Qe2 Nxd2 19. Nxd6 Ra6 20. Nb5 Rh6
21. Red1 Nb3 22. Bf3 Be6 23. Kf1 Qxh2 24. Qd3 Nxa1 25. Rxa1 Bg4 26. Bxd5 b6 27.
Re1 Qh4 28. Qe4 Bh3+ 0-1

[Event "Open 2005 des PSV Rostock"]
[Site "Rostock"]
[Date "2005.08.25"]
[Round "2.11"]
[White "Luetje, Juergen"]
[Black "Mangold, Thomas"]
[Result "1-0"]
[WhiteElo "2135"]
[BlackElo "1351"]
[PlyCount "93"]
[EventDate "2005.08.25"]
[EventType "swiss"]
[EventRounds "7"]
[EventCountry "GER"]
[Source "Th. Schwetlick"]
[SourceDate "2005.08.25"]

1. d4 c5 2. c3 e6 3. Nf3 Nf6 4. e3 d5 5. Bd3 Nc6 6. O-O cxd4 7. exd4 Be7 8.
Nbd2 O-O 9. Re1 Bd7 10. Ne5 Nxe5 11. dxe5 Ne8 12. Nf3 f6 13. Qc2 h6 14. Nh4 f5
15. Ng6 Rf7 16. Be2 Bc5 17. Bh5 Nc7 18. Bf4 Be8 19. Qe2 Rd7 20. Qf3 Bxg6 21.
Bxg6 Qh4 22. Rab1 Rb8 23. b4 Bb6 24. c4 a6 25. c5 Ba7 26. a4 b6 27. c6 Rdd8 28.
g3 Qe7 29. Qc3 b5 30. a5 Rbc8 31. Rbc1 d4 32. Qb2 Nd5 33. Bd2 Rc7 34. Qb3 Qf8
35. Bh5 f4 36. gxf4 Nxf4 37. Bxf4 Qxf4 38. Qxe6+ Kh8 39. Qg4 Qf8 40. e6 Re7 41.
Qg3 Qf6 42. c7 Rc8 43. Qe5 Qxe5 44. Rxe5 Kh7 45. Bg4 g6 46. Rd5 Kg7 47. Rd8 1-0

[Event "Open 2005 des PSV Rostock"]
[Site "Rostock"]
[Date "2005.08.25"]
[Round "2.12"]
[White "Herholz, Holger"]
[Black "Kutschke, Peter"]
[Result "1/2-1/2"]
[WhiteElo "2009"]
[BlackElo "2128"]
[PlyCount "29"]
[EventDate "2005.08.25"]
[EventType "swiss"]
[EventRounds "7"]
[EventCountry "GER"]
[Source "Th. Schwetlick"]
[SourceDate "2005.08.25"]

1. d4 d5 2. c4 Bf5 3. Nc3 e6 4. e3 c6 5. Nf3 Nd7 6. cxd5 exd5 7. Bd3 Bg6 8. O-O
Ngf6 9. Bxg6 hxg6 10. Re1 Be7 11. Qc2 O-O 12. Bd2 Re8 13. Rad1 Bd6 14. e4 dxe4
15. Nxe4 1/2-1/2

[Event "Open 2005 des PSV Rostock"]
[Site "Rostock"]
[Date "2005.08.25"]
[Round "2.13"]
[White "Heinisch, Uwe"]
[Black "Ehlers, Michael"]
[Result "1-0"]
[WhiteElo "1600"]
[BlackElo "1626"]
[PlyCount "119"]
[EventDate "2005.08.25"]
[EventType "swiss"]
[EventRounds "7"]
[EventCountry "GER"]
[Source "Th. Schwetlick"]
[SourceDate "2005.08.25"]

1. d4 Nf6 2. Nf3 d5 3. e3 e6 4. Bd3 c5 5. c3 Bd6 6. Nbd2 Nc6 7. O-O O-O 8. Re1
c4 9. Bc2 b5 10. e4 dxe4 11. Nxe4 Nxe4 12. Bxe4 Bb7 13. Bg5 Qc7 14. Qe2 Ne7 15.
Bxb7 Qxb7 16. Qe4 Qxe4 17. Rxe4 Nd5 18. Bd2 a5 19. Ne5 Rfc8 20. a3 Ra6 21. g3
Nf6 22. Re2 Kf8 23. h3 h6 24. Kg2 Ke7 25. f4 Rd8 26. f5 Bxe5 27. Rxe5 Rd5 28.
Rae1 Rad6 29. fxe6 Rxe5 30. Rxe5 Rxe6 31. Bf4 Rxe5 32. Bxe5 g6 33. Bxf6+ Kxf6
34. Kf3 Ke6 35. g4 Kd5 36. h4 f6 37. Kf4 b4 38. axb4 axb4 39. h5 bxc3 40. bxc3
gxh5 41. gxh5 Ke6 42. d5+ Kxd5 43. Kf5 Kd6 44. Kxf6 Kd5 45. Kf5 Kd6 46. Kg6 Ke6
47. Kxh6 Kf6 48. Kh7 Kf7 49. h6 Kf8 50. Kg6 Kg8 51. Kf6 Kh7 52. Ke5 Kxh6 53.
Kd4 Kg6 54. Kxc4 Kf6 55. Kb5 Ke6 56. c4 Kd6 57. Kb6 Kd7 58. c5 Kc8 59. Kc6 Kb8
60. Kd7 1-0

[Event "Open 2005 des PSV Rostock"]
[Site "Rostock"]
[Date "2005.08.25"]
[Round "2.14"]
[White "Jakob, Florian"]
[Black "Raitza, Egon"]
[Result "0-1"]
[WhiteElo "1636"]
[BlackElo "1890"]
[PlyCount "120"]
[EventDate "2005.08.25"]
[EventType "swiss"]
[EventRounds "7"]
[EventCountry "GER"]
[Source "Th. Schwetlick"]
[SourceDate "2005.08.25"]

1. d4 Nf6 2. c4 e6 3. Nc3 d5 4. Nf3 c6 5. Bf4 Nbd7 6. e3 Be7 7. Ne5 O-O 8. Bd3
a6 9. c5 g6 10. Bh6 Re8 11. f4 Nxe5 12. fxe5 Nd7 13. O-O Bf8 14. Bxf8 Rxf8 15.
Qg4 b6 16. b4 bxc5 17. bxc5 a5 18. Rf3 Ba6 19. Bc2 Qe7 20. Ba4 Rab8 21. Bxc6
Nxe5 22. Nxd5 Nxf3+ 23. Qxf3 exd5 24. Bxd5 Rb2 25. e4 Kg7 26. Qc3 Rfb8 27. Re1
Qf6 28. Qe3 Rb1 29. e5 Rxe1+ 30. Qxe1 Qf4 31. Be4 Rb2 32. g3 Qd2 33. Qxd2 Rxd2
34. d5 Re2 35. Bf3 Rxe5 36. Kf2 Bc4 37. d6 Be6 38. c6 Rb5 39. d7 Bxd7 40. cxd7
Rb8 41. Ke3 Kf6 42. Bc6 Ke7 43. a4 Rb2 44. h3 Rh2 45. h4 Rc2 46. Bb5 f6 47. Kf3
Rc7 48. Ke4 h6 49. Kf4 Rc5 50. Ke4 Rxb5 51. d8=Q+ Kxd8 52. axb5 a4 53. Kd3 f5
54. Kc3 g5 55. hxg5 hxg5 56. Kb4 f4 57. gxf4 gxf4 58. Kxa4 f3 59. Ka5 Kc8 60.
Ka6 Kb8 0-1

[Event "Open 2005 des PSV Rostock"]
[Site "Rostock"]
[Date "2005.08.25"]
[Round "2.15"]
[White "Krueger, Alexander"]
[Black "Fischer, Joachim"]
[Result "0-1"]
[WhiteElo "1889"]
[BlackElo "1673"]
[PlyCount "68"]
[EventDate "2005.08.25"]
[EventType "swiss"]
[EventRounds "7"]
[EventCountry "GER"]
[Source "Th. Schwetlick"]
[SourceDate "2005.08.25"]

1. e4 e5 2. Bc4 Nf6 3. Nc3 Nc6 4. d3 d6 5. Nge2 Be7 6. O-O Na5 7. Bb3 c6 8. d4
O-O 9. f4 Qc7 10. Kh1 Bg4 11. Be3 b5 12. a3 Nxb3 13. cxb3 a5 14. Rc1 Rab8 15.
fxe5 dxe5 16. dxe5 Rbd8 17. Qc2 Qxe5 18. Bf4 Qh5 19. Ng3 Qg6 20. Qf2 Rd7 21. e5
Nd5 22. Nxd5 Rxd5 23. Qb6 Rc8 24. Qxa5 h5 25. Qa7 Rd7 26. Qf2 h4 27. Ne2 Rd3
28. h3 Be6 29. b4 Rcd8 30. Be3 Qe4 31. Rc3 Rxc3 32. Nxc3 Qxe5 33. Qf3 Rd3 34.
Qxc6 Rxe3 0-1

[Event "Open 2005 des PSV Rostock"]
[Site "Rostock"]
[Date "2005.08.25"]
[Round "2.16"]
[White "Schreiber, Nico"]
[Black "Schmidt, Wolfgang"]
[Result "0-1"]
[WhiteElo "1537"]
[BlackElo "1851"]
[PlyCount "70"]
[EventDate "2005.08.25"]
[EventType "swiss"]
[EventRounds "7"]
[EventCountry "GER"]
[Source "Th. Schwetlick"]
[SourceDate "2005.08.25"]

1. d4 d6 2. Nf3 c6 3. c4 Qc7 4. Bf4 Nd7 5. Nc3 Ngf6 6. h3 e5 7. Bh2 Be7 8. e3
O-O 9. Be2 Re8 10. O-O Bf8 11. Qc2 g6 12. Rfd1 Bg7 13. Rac1 Re7 14. d5 Nc5 15.
e4 Bh6 16. Ra1 a5 17. a3 a4 18. Re1 Bd7 19. Rad1 cxd5 20. Nxd5 Nxd5 21. exd5
Bf5 22. Qc3 Bg7 23. Qe3 Ra6 24. Nh4 Bc2 25. Rc1 Bb3 26. Bd1 Rb6 27. Re2 Bxd1
28. Rxd1 Rb3 29. Qc1 e4 30. g4 Rxh3 31. Bg3 Qd7 32. Qe3 Qxg4 33. Ng2 Be5 34.
Nf4 Bxf4 35. Qxf4 Qxe2 0-1

[Event "Open 2005 des PSV Rostock"]
[Site "Rostock"]
[Date "2005.08.25"]
[Round "2.17"]
[White "Hamann, Dirk"]
[Black "Glebow, Roman"]
[Result "1-0"]
[WhiteElo "1844"]
[BlackElo "1589"]
[PlyCount "63"]
[EventDate "2005.08.25"]
[EventType "swiss"]
[EventRounds "7"]
[EventCountry "GER"]
[Source "Th. Schwetlick"]
[SourceDate "2005.08.25"]

1. e4 e6 2. d4 d5 3. Nc3 Bb4 4. e5 c5 5. a3 Bxc3+ 6. bxc3 Nc6 7. f4 Nge7 8. Nf3
O-O 9. Bd3 Bd7 10. Bxh7+ Kxh7 11. Ng5+ Kg8 12. Qh5 Re8 13. Qxf7+ Kh8 14. Qh5+
Kg8 15. f5 Nxf5 16. Qh7+ Kf8 17. O-O Qb6 18. g4 cxd4 19. gxf5 exf5 20. a4 dxc3+
21. Kg2 Nb4 22. e6 Bxe6 23. Nxe6+ Qxe6 24. Rxf5+ Ke7 25. Qxg7+ Kd8 26. Bg5+ Kc8
27. Bf4 Qd7 28. Rf7 Qe6 29. Rc7+ Kd8 30. Bg5+ Re7 31. Qxe7+ Qxe7 32. Rxe7 1-0

[Event "Open 2005 des PSV Rostock"]
[Site "Rostock"]
[Date "2005.08.25"]
[Round "2.18"]
[White "Mueggenburg, Rolf"]
[Black "Ott, Mathias"]
[Result "0-1"]
[WhiteElo "1507"]
[BlackElo "1843"]
[PlyCount "35"]
[EventDate "2005.08.25"]
[EventType "swiss"]
[EventRounds "7"]
[EventCountry "GER"]
[Source "Th. Schwetlick"]
[SourceDate "2005.08.25"]

1. Nc3 d5 2. e4 e6 3. d4 Bb4 4. e5 c5 5. Bb5+ Nc6 6. Qg4 Nge7 7. Bg5 Qa5 8.
Bxc6+ Nxc6 9. Bd2 cxd4 10. Nb1 O-O 11. c3 dxc3 12. bxc3 Qc7 13. f4 Bc5 14. Nf3
Qb6 15. Bc1 f6 16. Qg3 fxe5 17. Nbd2 exf4 18. Nb3 0-1

[Event "Open 2005 des PSV Rostock"]
[Site "Rostock"]
[Date "2005.08.25"]
[Round "2.19"]
[White "Eichstaedt, Enrico"]
[Black "Hinkelmann, Dieter"]
[Result "1-0"]
[WhiteElo "1804"]
[BlackElo "1537"]
[PlyCount "79"]
[EventDate "2005.08.25"]
[EventType "swiss"]
[EventRounds "7"]
[EventCountry "GER"]
[Source "Th. Schwetlick"]
[SourceDate "2005.08.25"]

1. e4 c5 2. c3 e6 3. d4 d5 4. exd5 Qxd5 5. Nf3 Nc6 6. Be3 Nf6 7. Bd3 cxd4 8.
cxd4 Bb4+ 9. Nc3 Qa5 10. Qb3 a6 11. O-O O-O 12. Rfd1 Ne7 13. Bg5 Ned5 14. Nxd5
Nxd5 15. Be4 Bd7 16. Bxd5 exd5 17. a3 Bd6 18. Qxb7 Ba4 19. b4 Qb5 20. Qxb5 axb5
21. Re1 Rfe8 22. Rxe8+ Rxe8 23. Be3 Bb3 24. Nd2 Bc2 25. Rc1 Rc8 26. Nf3 Rc7 27.
Ne1 Bb3 28. Rxc7 Bxc7 29. Nd3 Bc4 30. Nb2 Bb3 31. Kf1 Kf8 32. Ke2 Ke7 33. Kd2
Ke6 34. Kc3 Bc4 35. a4 Bf1 36. g3 Kd7 37. a5 Kc6 38. Kd2 Bd6 39. Kc3 Kb7 40.
Bf4 {ZÜ} 1-0

[Event "Open 2005 des PSV Rostock"]
[Site "Rostock"]
[Date "2005.08.25"]
[Round "2.20"]
[White "Jeck, Horst"]
[Black "Ernst, Mathias"]
[Result "1/2-1/2"]
[WhiteElo "1418"]
[BlackElo "1703"]
[PlyCount "75"]
[EventDate "2005.08.25"]
[EventType "swiss"]
[EventRounds "7"]
[EventCountry "GER"]
[Source "Th. Schwetlick"]
[SourceDate "2005.08.25"]

1. e4 e5 2. Nf3 Nc6 3. d4 exd4 4. Nxd4 Nf6 5. Nxc6 bxc6 6. Bd3 d6 7. O-O Be7 8.
Nc3 O-O 9. Ne2 Rb8 10. c4 Nd7 11. b3 Nc5 12. Bb2 Bf6 13. Bxf6 Qxf6 14. Qc2 h5
15. Rad1 h4 16. f4 a5 17. Qc3 Qxc3 18. Nxc3 Bg4 19. Rd2 a4 20. bxa4 Rb4 21. e5
Nxd3 22. Rxd3 Rxc4 23. exd6 cxd6 24. f5 f6 25. h3 Bh5 26. Rc1 d5 27. Kh2 Rb8
28. Rb1 Re8 29. a3 d4 30. Rb4 Rxc3 31. Rbxd4 Rc1 32. Rd8 Rxd8 33. Rxd8+ Kf7 34.
a5 Be2 35. Ra8 Rc2 36. Kg1 c5 37. a6 Bxa6 38. Rxa6 1/2-1/2

[Event "Open 2005 des PSV Rostock"]
[Site "Rostock"]
[Date "2005.08.25"]
[Round "2.21"]
[White "Worm, Alfred"]
[Black "Stahl, Rene"]
[Result "1/2-1/2"]
[WhiteElo "1690"]
[BlackElo "1447"]
[PlyCount "115"]
[EventDate "2005.08.25"]
[EventType "swiss"]
[EventRounds "7"]
[EventCountry "GER"]
[Source "Th. Schwetlick"]
[SourceDate "2005.08.25"]

1. e4 c6 2. d4 d5 3. e5 Bf5 4. Be2 h6 5. Nf3 e6 6. O-O c5 7. c4 dxc4 8. Bxc4
Ne7 9. dxc5 Nbc6 10. Bb5 Qc7 11. b4 Nd5 12. Qa4 Bxb1 13. Bxc6+ bxc6 14. Rxb1
Nc3 15. Qc2 Nxb1 16. Qxb1 Be7 17. Qe4 O-O 18. Nd4 Rac8 19. f4 Rfd8 20. f5 Rd5
21. Re1 Re8 22. Bb2 Bg5 23. Bc3 exf5 24. Nxf5 Bf6 25. Qg4 Rdxe5 26. Bxe5 Rxe5
27. Rd1 Rd5 28. Rxd5 cxd5 29. Nxh6+ Kf8 30. Nf5 Qe5 31. Qf3 Qa1+ 32. Kf2 Qxa2+
33. Kg3 Be5+ 34. Kh3 Qc4 35. Qe3 Qf4 36. Qxf4 Bxf4 37. c6 Be5 38. Nd4 Ke8 39.
Nb5 Kd8 40. Nxa7 Kc7 41. b5 Bd4 42. b6+ Bxb6 43. Nb5+ Kxc6 44. Nc3 d4 45. Nd1
Kd5 46. g4 Ke4 47. Kg2 Kd3 48. Kf3 Kd2 49. Nf2 d3 50. Ne4+ Kc2 51. h4 d2 52.
Nxd2 Kxd2 53. g5 Be3 54. Kg4 Kd3 55. Kf5 Kc4 56. h5 Bd4 57. g6 fxg6+ 58. Kxg6
1/2-1/2

[Event "Open 2005 des PSV Rostock"]
[Site "Rostock"]
[Date "2005.08.25"]
[Round "2.22"]
[White "Willenberg, Martin"]
[Black "Loeke, Patrick"]
[Result "0-1"]
[WhiteElo "1305"]
[BlackElo "1690"]
[PlyCount "176"]
[EventDate "2005.08.25"]
[EventType "swiss"]
[EventRounds "7"]
[EventCountry "GER"]
[Source "Th. Schwetlick"]
[SourceDate "2005.08.25"]

1. e4 c5 2. d4 cxd4 3. c3 d5 4. exd5 Qxd5 5. cxd4 Nc6 6. Nf3 Bg4 7. Be2 e6 8.
Nc3 Bb4 9. O-O Qa5 10. Bd2 Nf6 11. a3 Bxc3 12. Bxc3 Qd8 13. h3 Bh5 14. b4 O-O
15. g4 Bg6 16. Qa4 Nd5 17. Bd2 Be4 18. b5 Bxf3 19. Bxf3 Nce7 20. Rac1 Qd7 21.
Qb3 Rfc8 22. a4 Rxc1 23. Rxc1 Rc8 24. Qd1 Qd6 25. Rxc8+ Nxc8 26. Qc1 Nce7 27.
Qc5 Qb6 28. Bxd5 Qxc5 29. dxc5 Nxd5 30. f4 Kf8 31. Kf2 Ke7 32. Kf3 a6 33. Ke4
axb5 34. axb5 Nc7 35. b6 Nd5 36. c6 Kd6 37. cxb7 Nf6+ 38. Kd4 Nd7 39. Bb4+ Kc6
40. Bf8 g6 41. Bg7 Kxb7 42. g5 Kxb6 43. Be5 Kc6 44. h4 Kb5 45. Ke4 Kc4 46. Bd4
Nb8 47. Ba1 Nc6 48. Bh8 Kc5 49. Ba1 Kd6 50. Bg7 Ke7 51. Bf6+ Kf8 52. Bc3 Kg8
53. Bf6 Kf8 54. Bc3 Ke7 55. Bf6+ Kd6 56. Bc3 Kc5 57. Bf6 Kc4 58. Ba1 Kb3 59.
Bf6 Kc2 60. Ke3 Kd1 61. Kf2 Kd2 62. Bg7 Kd3 63. Kf3 Ne7 64. Bf6 Nf5 65. Kg4 Ke4
66. Be5 Ne3+ 67. Kg3 Kf5 68. Kf3 Nd5 69. Kg3 Nb4 70. Bd6 Nd3 71. Bc7 Nc5 72.
Kf3 Nd3 73. Bb8 e5 74. Bxe5 Nxe5+ 75. fxe5 Kxe5 76. Kg4 Ke4 77. Kg3 Kf5 78. Kf3
f6 79. gxf6 Kxf6 80. Kg4 h6 81. h5 g5 82. Kf3 Kf5 83. Kg3 Ke4 84. Kg4 Ke5 85.
Kg3 Kf6 86. Kg4 Ke6 87. Kg3 Kf5 88. Kh3 Kf4 0-1

[Event "Open 2005 des PSV Rostock"]
[Site "Rostock"]
[Date "2005.08.25"]
[Round "2.23"]
[White "Boehm, Matthias"]
[Black "Modrow, Andreas"]
[Result "1/2-1/2"]
[WhiteElo "1673"]
[BlackElo "1235"]
[PlyCount "53"]
[EventDate "2005.08.25"]
[EventType "swiss"]
[EventRounds "7"]
[EventCountry "GER"]
[Source "Th. Schwetlick"]
[SourceDate "2005.08.25"]

1. e4 e6 2. d4 d5 3. exd5 exd5 4. Bd3 Bd6 5. Nf3 c6 6. O-O Ne7 7. c3 O-O 8. Bg5
f6 9. Bh4 Ng6 10. Qc2 Qe8 11. Nbd2 Bg4 12. Rfe1 Qf7 13. Bg3 Bxg3 14. hxg3 Nd7
15. Nh2 Be6 16. Ndf3 Rfe8 17. Nh4 Ndf8 18. Nxg6 Nxg6 19. Re3 Bd7 20. Rae1 Rxe3
21. Rxe3 Re8 22. Bxg6 Qxg6 23. Qxg6 hxg6 24. Rxe8+ Bxe8 25. Nf3 Kf7 26. Kf1 Bd7
27. Nd2 1/2-1/2

[Event "Open 2005 des PSV Rostock"]
[Site "Rostock"]
[Date "2005.08.26"]
[Round "3.1"]
[White "Steinhagen, Bernd"]
[Black "Seils, Jörg"]
[Result "1/2-1/2"]
[WhiteElo "2258"]
[BlackElo "2365"]
[PlyCount "32"]
[EventDate "2005.08.25"]
[EventType "swiss"]
[EventRounds "7"]
[EventCountry "GER"]
[Source "Th. Schwetlick"]
[SourceDate "2005.08.25"]

1. f4 d5 2. Nf3 Nf6 3. b3 c5 4. e3 Nc6 5. Bb5 Bg4 6. Bb2 e6 7. Bxc6+ bxc6 8.
O-O Be7 9. d3 O-O 10. Nbd2 Nd7 11. h3 Bxf3 12. Nxf3 Bf6 13. Bxf6 Nxf6 14. Ne5
Qc7 15. Qf3 Nd7 16. Nxd7 Qxd7 1/2-1/2

[Event "Open 2005 des PSV Rostock"]
[Site "Rostock"]
[Date "2005.08.26"]
[Round "3.2"]
[White "Rudolf, Henrik"]
[Black "Ruesch, Hans Joachim"]
[Result "1-0"]
[WhiteElo "2329"]
[BlackElo "2055"]
[PlyCount "65"]
[EventDate "2005.08.25"]
[EventType "swiss"]
[EventRounds "7"]
[EventCountry "GER"]
[Source "Th. Schwetlick"]
[SourceDate "2005.08.25"]

1. e4 g6 2. d4 Bg7 3. Nc3 d6 4. Nf3 Nf6 5. Be2 O-O 6. O-O Bg4 7. h3 Bxf3 8.
Bxf3 Nc6 9. Ne2 Nd7 10. c3 e5 11. b3 Re8 12. d5 Ne7 13. c4 f5 14. Nc3 Rf8 15.
a4 Kh8 16. a5 Ng8 17. b4 Bh6 18. Bb2 Ne7 19. Qd3 Rf7 20. Rae1 Nf6 21. c5 a6 22.
Re2 Qg8 23. Ba3 g5 24. exf5 g4 25. hxg4 Nxg4 26. Be4 Bf4 27. g3 Qg7 28. Kg2 Rg8
29. Rh1 Nxf2 30. Rxf2 Bxg3 31. f6 Qg5 32. Bc1 Bf4+ 33. Kf1 1-0